Louis Tomlinson - Statistics

General Stats
  • This quiz has been taken 3,823 times
  • The average score is 10 of 29
Answer Stats
Hint Answer % Correct
Louis likes girls who eat ________ carrots
97%
He is the (youngest/oldest/second oldest/middle/second youngest) in the band oldest
88%
What band is he in? One Direction
82%
Name of pigeon Kevin
73%
"No!" _______ protested Jimmy
70%
Middle Name William
69%
Louis roomate Harry Styles
66%
Favorite Color Dark Red
58%
Siblings 4
55%
Instruments he can play piano
51%
Can speak French
36%
Birthday 12/24/91
33%
Louis doesn't wear ______ socks
32%
He has ___ cousins no
26%
Favorite Movie Grease
25%
Favorite Band The Fray
25%
If he had a super power, it would be ______ flying
22%
Who Louis wanted to date in the X- Factor House Mary
22%
Louis likes girls who drive ________ lamborghini
21%
Why does Louis where stipes? He wants to be a zebra.
18%
The band thought Louis was ______ at first quiet
17%
If he wasn't a singer, he would be a _________ drama teacher
14%
Where was he born? Doncaster, England
12%
_________ watches Rolex
7%
Favorite Song Look After You
6%
Part in Band "The Leader"
5%
One Direction wrote the song ______ Taken
3%
One Direction wrote the song ______ More Than This
2%
One Direction wrote the song ______ Stole My Heart
2%
No matching quizzes found
Score Distribution
Percent of People with Each Score
Percentile by Number Answered
Your Score History
You have not taken this quiz